[Event "GER-ch 92nd"]
[Site "Magdeburg"]
[Date "2021.07.27"]
[Round "3"]
[White "Kunin, Vitaly L"]
[Black "Nguyen, Alex Dac Vuong"]
[Result "1-0"]
[WhiteElo "2567"]
[BlackElo "2298"]
[EventDate "2021.07.25"]
[PlyCount "73"]

1. d4 Nf6 2. c4 e6 3. Nf3 d5 4. Nc3 dxc4 5. e3 a6 6. Bxc4 b5 7. Bb3 Bb7 8. Qe2 c5 9. O-O Nbd7 10. Rd1 Bd6 11. e4 cxd4 12. Nxd4 Qb8 13. Bxe6 Bxh2+ 14. Kh1 fxe6 15. Nxe6 Kf7 16. Ng5+ Ke7 17. b3 h6 18. Ba3+ Ke8 19. Ne6 Kf7 20. Nxg7 b4 21. Bxb4 Bxe4 22. Nxe4 Qxb4 23. Nf5 Qxe4 24. Rxd7+ Kg6 25. Ne7+ Kf7 26. Nc6+ Kg6 27. Qxe4+ Nxe4 28. Kxh2 Nxf2 29. Rf1 Rhf8 30. Ne5+ Kh5 31. Rd5 Ng4+ 32. Nxg4+ Kxg4 33. Rxf8 Rxf8 34. Rd6 a5 35. Rd4+ Kg5 36. Rd5+ Kg4 37. Rxa5 1-0

[Event "GER-ch 92nd"]
[Site "Magdeburg"]
[Date "2021.07.27"]
[Round "3"]
[White "Neyman, Igor"]
[Black "Stork, Oliver"]
[Result "1/2-1/2"]
[WhiteElo "2325"]
[BlackElo "2394"]
[EventDate "2021.07.25"]
[PlyCount "86"]

1. d4 d5 2. c4 e6 3. Nc3 Be7 4. cxd5 exd5 5. Bf4 Nf6 6. e3 Bf5 7. h3 O-O 8. g4 Bg6 9. Nf3 c5 10. Bg2 Nc6 11. O-O Ne4 12. dxc5 Nxc3 13. bxc3 Be4 14. Ne5 Nxe5 15. Bxe5 Bxc5 16. Bxe4 dxe4 17. Qxd8 Rfxd8 18. Rfd1 Rac8 19. a4 f6 20. Rxd8+ Rxd8 21. Bd4 Rc8 22. Rb1 b6 23. Kg2 Kf7 24. f3 Bxd4 25. cxd4 Rc3 26. Kf2 Ra3 27. Rb4 Ra2+ 28. Kg3 exf3 29. Kxf3 Ke6 30. Ke4 Kd6 31. h4 g6 32. h5 Rg2 33. Kf3 Rc2 34. hxg6 hxg6 35. a5 Kc6 36. axb6 axb6 37. d5+ Kxd5 38. Rxb6 Rc6 39. Rxc6 Kxc6 40. g5 fxg5 41. Kg4 Kd5 42. Kxg5 Ke4 43. Kxg6 Kxe3 1/2-1/2

[Event "GER-ch 92nd"]
[Site "Magdeburg"]
[Date "2021.07.27"]
[Round "3"]
[White "Paehtz, Thomas Sr"]
[Black "Voege, Tobias"]
[Result "1-0"]
[WhiteElo "2350"]
[BlackElo "2324"]
[EventDate "2021.07.25"]
[PlyCount "43"]

1. e4 e6 2. d3 c5 3. g3 Nc6 4. Bg2 g6 5. Nf3 Bg7 6. O-O Nge7 7. Re1 O-O 8. c3 d5 9. e5 Rb8 10. Bf4 b5 11. Nbd2 c4 12. d4 b4 13. Nf1 bxc3 14. bxc3 Qa5 15. Qc1 Bd7 16. Ne3 Rb7 17. h4 Rfb8 18. Re2 Nc8 19. Ng4 N6e7 20. Nf6+ Kh8 21. Ng5 Ra8 22. Nxf7# 1-0

[Event "GER-ch 92nd"]
[Site "Magdeburg"]
[Date "2021.07.27"]
[Round "3"]
[White "Poetsch, Hagen"]
[Black "Laux, Dominik"]
[Result "1-0"]
[WhiteElo "2525"]
[BlackElo "2085"]
[EventDate "2021.07.25"]
[PlyCount "75"]

1. e4 c5 2. Ne2 d6 3. g3 g6 4. Bg2 Bg7 5. c3 e6 6. d4 cxd4 7. cxd4 Ne7 8. Nbc3 O-O 9. O-O Nbc6 10. Be3 d5 11. Rc1 Qa5 12. Qb3 Rd8 13. Rfd1 b6 14. exd5 exd5 15. Nxd5 Nxd5 16. Bd2 Qa6 17. Bxd5 Qxe2 18. Bxc6 Bxd4 19. Qf3 Qxf3 20. Bxf3 Bxb2 21. Bg5 Re8 22. Bxa8 Bxc1 23. Rxc1 Be6 24. Bc6 Rc8 25. a3 Kg7 26. f3 h6 27. Bd2 Rd8 28. Bc3+ f6 29. Kf2 Kf7 30. Ke3 Bc4 31. Bd4 b5 32. a4 a6 33. axb5 axb5 34. Rb1 Rd6 35. Bxb5 Re6+ 36. Kf2 Bxb5 37. Rxb5 Rd6 38. Rb7+ 1-0

[Event "GER-ch 92nd"]
[Site "Magdeburg"]
[Date "2021.07.27"]
[Round "3"]
[White "Rosner, Jonas"]
[Black "Pajeken, Jakob Leon"]
[Result "1-0"]
[WhiteElo "2434"]
[BlackElo "2328"]
[EventDate "2021.07.25"]
[PlyCount "117"]

1. c4 e6 2. Nf3 d5 3. e3 Nf6 4. Nc3 Nbd7 5. b3 b6 6. Bb2 Bb7 7. Rc1 a6 8. cxd5 exd5 9. Ne2 g6 10. g3 Bg7 11. Bg2 O-O 12. O-O Rc8 13. Rc2 Re8 14. Qa1 c5 15. Nf4 b5 16. Rfc1 h6 17. h4 Rc7 18. a4 b4 19. Ne1 Bf8 20. Ned3 g5 21. hxg5 hxg5 22. Ne2 c4 23. bxc4 b3 24. Rc3 Ne4 25. cxd5 Nxc3 26. Nxc3 Nb6 27. Ne4 Rxc1+ 28. Qxc1 Nxd5 29. Ndc5 Ba8 30. Qc4 Bg7 31. Bxg7 Kxg7 32. Qxb3 Qe7 33. Qc4 a5 34. Qd4+ Qe5 35. Nd6 Qxd4 36. Nxe8+ Kf8 37. exd4 Kxe8 38. Nb3 Nb6 39. Bxa8 Nxa8 40. Nxa5 Nb6 41. Kf1 Nxa4 42. Nc4 Ke7 43. g4 Ke6 44. Ke2 f5 45. gxf5+ Kxf5 46. Kf3 g4+ 47. Ke3 Kf6 48. Kf4 Ke6 49. Ke4 Kf6 50. Kd5 Kf5 51. Kc6 Ke4 52. d5 Kd4 53. d6 Nc5 54. Ne3 Ne6 55. Nxg4 Kd3 56. d7 Kxd2 57. f4 Kc3 58. f5 Nd4+ 59. Kd5 1-0

[Event "GER-ch 92nd"]
[Site "Magdeburg"]
[Date "2021.07.27"]
[Round "3"]
[White "Schulte, Felix"]
[Black "Wachinger, Nikolas"]
[Result "1-0"]
[WhiteElo "2162"]
[BlackElo "2355"]
[EventDate "2021.07.25"]
[PlyCount "63"]

1. d4 Nf6 2. Bg5 d5 3. Bxf6 gxf6 4. c4 dxc4 5. e3 c5 6. Bxc4 cxd4 7. exd4 Bg7 8. Nc3 O-O 9. Nge2 Nc6 10. O-O f5 11. d5 Ne5 12. Bb3 Qd6 13. Nb5 Qb6 14. Nbd4 Bd7 15. Qd2 Rac8 16. Qg5 Qf6 17. Qxf6 Bxf6 18. Ng3 Nd3 19. Ndxf5 Nxb2 20. Rae1 Rfe8 21. d6 e6 22. Nh5 Bd8 23. Nh6+ Kf8 24. Re3 Bh4 25. Rh3 Bg5 26. Rg3 f6 27. Nxf6 Bxh6 28. Nxd7+ Kf7 29. Ne5+ Kf6 30. Ng4+ Kg7 31. Nxh6+ Kxh6 32. d7 1-0

[Event "GER-ch 92nd"]
[Site "Magdeburg"]
[Date "2021.07.27"]
[Round "3"]
[White "Schulz, Karsten"]
[Black "Krassowizkij, Jaroslaw"]
[Result "1/2-1/2"]
[WhiteElo "2302"]
[BlackElo "2448"]
[EventDate "2021.07.25"]
[PlyCount "88"]

1. Nf3 d5 2. g3 Bg4 3. Bg2 c6 4. O-O Nd7 5. d4 e6 6. Nbd2 Ngf6 7. Re1 Be7 8. e4 O-O 9. c3 h6 10. Qb3 Qc7 11. c4 b5 12. cxd5 cxd5 13. e5 Nh7 14. Nf1 Qb6 15. Be3 a5 16. Rac1 a4 17. Qc2 Qa6 18. h3 Bf5 19. Qe2 Rfc8 20. Nh4 Bxh4 21. gxh4 Rxc1 22. Rxc1 b4 23. Qxa6 Rxa6 24. Bd2 Rb6 25. Ne3 Bd3 26. Rc7 Nhf8 27. Bf1 Bxf1 28. Kxf1 Nb8 29. b3 axb3 30. axb3 Nc6 31. Nc2 Ng6 32. Rc8+ Kh7 33. h5 Nh4 34. Rc7 Na5 35. Bxb4 Nxb3 36. Rxf7 Rc6 37. Bc5 Nxc5 38. dxc5 Nf5 39. Ne3 Nxe3+ 40. fxe3 Rxc5 41. Re7 Rc6 42. Kf2 Kg8 43. Kf3 Kf8 44. Rb7 Rc4 1/2-1/2

[Event "GER-ch 92nd"]
[Site "Magdeburg"]
[Date "2021.07.27"]
[Round "4"]
[White "Dobrikov, Marco"]
[Black "Biastoch, Bennet"]
[Result "0-1"]
[WhiteElo "2311"]
[BlackElo "2266"]
[EventDate "2021.07.25"]
[PlyCount "112"]

1. e4 c5 2. Nf3 d6 3. d4 cxd4 4. Nxd4 Nf6 5. Nc3 a6 6. h3 e5 7. Nde2 h5 8. Bg5 Be6 9. Bxf6 Qxf6 10. Nd5 Qd8 11. Qd3 Nd7 12. O-O-O g6 13. Kb1 Bh6 14. Nec3 Nc5 15. Qe2 b5 16. g3 O-O 17. Bg2 b4 18. Nxb4 Rb8 19. Nc6 Qb6 20. Nxb8 Rxb8 21. b3 Qb4 22. Nd5 Bxd5 23. Rxd5 Na4 24. Rd3 Qc3 25. Rxc3 Nxc3+ 26. Kb2 Nxe2 27. Bf1 Nd4 28. Bxa6 Kf8 29. Rd1 Ke7 30. h4 Ne6 31. Be2 Nc5 32. Bf3 Na4+ 33. Ka1 Nc3 34. Rd3 Rc8 35. Kb2 Nb5 36. c3 f5 37. a4 Nc7 38. exf5 gxf5 39. Bxh5 e4 40. Rd1 Bg7 41. Bg6 Na6 42. Bxf5 Rxc3 43. Ka3 Nc5 44. Rb1 Rf3 45. Bg4 Rxf2 46. b4 Rg2 47. bxc5 Rxg3+ 48. Kb4 Rxg4 49. a5 e3+ 50. Kb5 Bd4 51. cxd6+ Kxd6 52. Kc4 Bc5+ 53. Kd3 Rd4+ 54. Ke2 Rd2+ 55. Ke1 Rh2 56. Rb3 Rxh4 0-1

[Event "GER-ch 92nd"]
[Site "Magdeburg"]
[Date "2021.07.27"]
[Round "4"]
[White "Ehmann, Thilo"]
[Black "Feuerstack, Aljoscha"]
[Result "0-1"]
[WhiteElo "2342"]
[BlackElo "2473"]
[EventDate "2021.07.25"]
[PlyCount "208"]

1. e4 c6 2. d4 d5 3. Nc3 dxe4 4. Nxe4 Nf6 5. Nxf6+ exf6 6. c3 Bd6 7. Bd3 O-O 8. Ne2 Re8 9. O-O Na6 10. Ng3 g6 11. Bd2 f5 12. c4 Nc7 13. Re1 Qh4 14. Bc3 Bd7 15. Qd2 Ne6 16. Bf1 Ng5 17. Rxe8+ Rxe8 18. Re1 Ne4 19. Qc2 Qf4 20. Bd3 Nxc3 21. Rxe8+ Bxe8 22. bxc3 c5 23. d5 h5 24. Nf1 h4 25. h3 Bd7 26. Be2 Qe5 27. Qd2 Kg7 28. Bd3 Bc7 29. Qb2 b6 30. Qd2 a6 31. Be2 Kf6 32. Bd3 Qf4 33. Qe1 b5 34. Qe2 Qe5 35. Qc2 Ba5 36. cxb5 axb5 37. c4 b4 38. Qd2 Kg7 39. Be2 Bc7 40. Bd3 Ba4 41. Bc2 Bd7 42. Bb3 Qf4 43. Qe2 Be5 44. Bc2 Kf6 45. Bb3 Ke7 46. Bc2 Kd6 47. Bb3 Bc8 48. Bc2 Bd7 49. Bb3 f6 50. Bc2 g5 51. Bd3 g4 52. Kh1 Bd4 53. f3 Be5 54. Qe3 Bc8 55. Qe2 Qd4 56. Ne3 Qa1+ 57. Nf1 Bd7 58. hxg4 fxg4 59. fxg4 Qd4 60. Be4 Bf4 61. Bf5 Bxf5 62. gxf5 Be5 63. Nd2 Qa1+ 64. Nf1 Qc1 65. Kg1 Qf4 66. Nd2 Qd4+ 67. Kh1 Qa1+ 68. Nf1 Qc1 69. Kg1 Qf4 70. Nd2 Qxf5 71. Ne4+ Kc7 72. Qd3 Bd4+ 73. Kh1 Qf4 74. Nd2 Be5 75. Kg1 Bd4+ 76. Kh1 Be5 77. Kg1 h3 78. gxh3 Qh2+ 79. Kf1 Bd4 80. d6+ Kxd6 81. Ne4+ Ke7 82. Qf3 Qxa2 83. Ng3 Qxc4+ 84. Kg2 Qc2+ 85. Kf1 Qb1+ 86. Ke2 Qa2+ 87. Kf1 Qa1+ 88. Ke2 Qa6+ 89. Kd1 Be5 90. Nf5+ Ke6 91. Ng7+ Kf7 92. Nf5 Qa1+ 93. Ke2 Qb2+ 94. Kf1 Qc1+ 95. Ke2 Qc4+ 96. Kd1 Qf4 97. Qb7+ Kg6 98. Ne7+ Kh5 99. Qa8 Qf1+ 100. Kd2 Bf4+ 101. Kc2 Qe2+ 102. Kb3 Qd3+ 103. Kb2 Qc3+ 104. Kb1 Qb3+ 0-1

[Event "GER-ch 92nd"]
[Site "Magdeburg"]
[Date "2021.07.27"]
[Round "4"]
[White "Fromm, Marius"]
[Black "Rosner, Jonas"]
[Result "1/2-1/2"]
[WhiteElo "2326"]
[BlackElo "2434"]
[EventDate "2021.07.25"]
[PlyCount "97"]

1. e4 c6 2. d4 d5 3. exd5 cxd5 4. Bd3 Nc6 5. c3 Qc7 6. h3 g6 7. Ne2 Bf5 8. Bf4 Qd7 9. Bb5 a6 10. Bxc6 Qxc6 11. O-O Bxb1 12. Rxb1 Nf6 13. Re1 Bg7 14. Nc1 e6 15. Nd3 O-O 16. h4 Rae8 17. Qf3 Ne4 18. Qh3 h5 19. Re2 f6 20. f3 e5 21. fxe4 dxe4 22. Nb4 Qb5 23. Rxe4 exf4 24. Rbe1 f5 25. Rxe8 Rxe8 26. Rxe8+ Qxe8 27. Nd3 Qe4 28. Qf3 Qxf3 29. gxf3 Bf6 30. Nxf4 Kf7 31. Ng2 b5 32. Kf2 f4 33. Nxf4 Bxh4+ 34. Ke3 Bg3 35. Ne2 Bc7 36. Ke4 Kf6 37. b3 g5 38. c4 bxc4 39. bxc4 Bh2 40. c5 h4 41. f4 h3 42. c6 Bxf4 43. Nxf4 gxf4 44. c7 h2 45. c8=Q h1=Q+ 46. Kxf4 Qf1+ 47. Ke4 Qh1+ 48. Kd3 Qd1+ 49. Ke4 1/2-1/2

[Event "GER-ch 92nd"]
[Site "Magdeburg"]
[Date "2021.07.27"]
[Round "4"]
[White "Gutkin, Ilya"]
[Black "Niering, Martin"]
[Result "1-0"]
[WhiteElo "2304"]
[BlackElo "2200"]
[EventDate "2021.07.25"]
[PlyCount "191"]

1. Nf3 Nf6 2. g3 e6 3. Bg2 d5 4. d4 Be7 5. c4 O-O 6. Qc2 c6 7. O-O b6 8. b3 Nbd7 9. Rd1 Bb7 10. Nc3 Rc8 11. e4 h6 12. Bb2 Qc7 13. Rac1 Qb8 14. Qe2 Rfe8 15. e5 Nh7 16. h4 Ba6 17. a4 Bb4 18. Na2 Be7 19. Qe3 Nhf8 20. Ne1 Ng6 21. h5 Ngf8 22. Nd3 Bg5 23. f4 Be7 24. Kh2 Bb7 25. Nc3 Qa8 26. Nf2 c5 27. cxd5 cxd4 28. Qxd4 Nc5 29. Rb1 Nxb3 30. Qd3 Red8 31. Qf1 exd5 32. Qh1 Na5 33. Nxd5 Bc5 34. Ng4 Ne6 35. Bc3 Nc6 36. Rb2 Kf8 37. Rbd2 Qb8 38. f5 Ng5 39. e6 Bd6 40. Qe1 f6 41. Ndxf6 gxf6 42. Nxf6 Ne7 43. Nd7+ Rxd7 44. exd7 Bxg2 45. dxc8=Q+ Qxc8 46. Qe3 Nxf5 47. Rf2 Kg8 48. Rxf5 Qxf5 49. Kxg2 Qh3+ 50. Kg1 Bc5 51. Bd4 Qxh5 52. Qb3+ Nf7 53. Bxc5 Qxc5+ 54. Kg2 Qc6+ 55. Kh2 Kg7 56. Qb2+ Kg6 57. Qd4 Qe6 58. Qd3+ Kg7 59. Rf1 Qa2+ 60. Kg1 Qxa4 61. Qc3+ Kg8 62. Qf6 Qe8 63. Qg6+ Kf8 64. Qxh6+ Kg8 65. Qg6+ Kf8 66. Qd6+ Kg7 67. Qd4+ Kg8 68. Qd5 Kg7 69. Kg2 Qe7 70. Rf4 Ng5 71. Qd4+ Kg6 72. Qd3+ Kg7 73. Qc3+ Kg6 74. Qc2+ Kg7 75. Rc4 Qb7+ 76. Rc6 Nf7 77. Qg6+ Kf8 78. Qf6 Kg8 79. Kh2 Qd7 80. Qg6+ Kf8 81. Rf6 Qd2+ 82. Kh3 Qd5 83. Qf5 Qh1+ 84. Kg4 Qd1+ 85. Qf3 Qd7+ 86. Kh4 Kg7 87. Rf5 Qe7+ 88. Kh5 Qe6 89. Qc3+ Kh7 90. Qf6 Qe2+ 91. g4 Qh2+ 92. Qh4 Qa2 93. Qf2 Qxf2 94. Rxf2 Kg7 95. Ra2 a5 96. Rb2 1-0

[Event "GER-ch 92nd"]
[Site "Magdeburg"]
[Date "2021.07.27"]
[Round "4"]
[White "Krassowizkij, Jaroslaw"]
[Black "Colbow, Collin"]
[Result "1/2-1/2"]
[WhiteElo "2448"]
[BlackElo "2353"]
[EventDate "2021.07.25"]
[PlyCount "73"]

1. c4 Nf6 2. g3 e6 3. Bg2 c5 4. Nf3 a6 5. Nc3 Nc6 6. O-O Be7 7. d4 cxd4 8. Nxd4 O-O 9. e4 Nxd4 10. Qxd4 d6 11. b3 Bd7 12. Ba3 e5 13. Qd2 Qa5 14. Bb2 b5 15. Rfd1 Kh8 16. c5 dxc5 17. f4 Bg4 18. fxe5 Bxd1 19. exf6 Bxf6 20. Rxd1 Rfd8 21. Nd5 Qxd2 22. Rxd2 Bxb2 23. Rxb2 Rac8 24. Kf2 c4 25. b4 Rd6 26. Ke3 a5 27. bxa5 c3 28. Rc2 Ra6 29. Bh3 Rc5 30. Kd4 Rc4+ 31. Kd3 Rxa5 32. Nxc3 Ra3 33. Bd7 Rc5 34. Kd4 Rc4+ 35. Kd3 Rc5 36. Kd4 Rc4+ 37. Kd3 1/2-1/2

[Event "GER-ch 92nd"]
[Site "Magdeburg"]
[Date "2021.07.27"]
[Round "4"]
[White "Krastev, Alexander"]
[Black "Kunin, Vitaly L"]
[Result "0-1"]
[WhiteElo "2380"]
[BlackElo "2567"]
[EventDate "2021.07.25"]
[PlyCount "63"]

1. e4 c5 2. Nf3 e6 3. d4 cxd4 4. Nxd4 Nc6 5. Nc3 Qc7 6. Qd3 Nxd4 7. Qxd4 a6 8. Be3 b5 9. Bd3 Bb7 10. O-O Rc8 11. Qb6 Qxb6 12. Bxb6 b4 13. Na4 Nf6 14. Rfe1 Be7 15. Bd4 d6 16. f4 O-O 17. a3 bxa3 18. b4 Nd7 19. Reb1 e5 20. fxe5 dxe5 21. Be3 f5 22. c4 Bxe4 23. Bxe4 fxe4 24. c5 Nb8 25. Rxa3 Rcd8 26. Nb2 Nc6 27. Ra4 Nd4 28. Rxa6 Nc2 29. Nc4 Rd3 30. Ra7 Bd8 31. Bf2 e3 32. Bg3 0-1

[Event "GER-ch 92nd"]
[Site "Magdeburg"]
[Date "2021.07.27"]
[Round "4"]
[White "Lampe, Dirk"]
[Black "Dyballa, Gerhard"]
[Result "1/2-1/2"]
[WhiteElo "2160"]
[BlackElo "1960"]
[EventDate "2021.07.25"]
[PlyCount "165"]

1. e4 e6 2. d4 d5 3. Nc3 Bb4 4. e5 c5 5. a3 Bxc3+ 6. bxc3 Ne7 7. a4 Qa5 8. Bd2 Nbc6 9. Nf3 Bd7 10. Bb5 a6 11. Bxc6 Nxc6 12. O-O O-O 13. Re1 Rae8 14. Qb1 Qc7 15. dxc5 f6 16. Qb6 Rc8 17. Rab1 Nd8 18. c4 dxc4 19. exf6 gxf6 20. Qb4 Bc6 21. Re3 Bd5 22. Qb2 Rf7 23. Bc3 Qf4 24. Rd1 Nc6 25. Nd4 Ne5 26. Ne2 Qf5 27. Ng3 Qg6 28. Bxe5 fxe5 29. Rxe5 Rcf8 30. Re2 h5 31. h4 Rf4 32. Rd4 Qf6 33. c3 Qxh4 34. Qd2 Rxd4 35. Qxd4 Qxd4 36. cxd4 h4 37. Ne4 Rf4 38. f3 h3 39. Re3 hxg2 40. Kxg2 Rf7 41. a5 Rg7+ 42. Kf2 Kf7 43. Nd6+ Kf8 44. Re1 Rh7 45. Rc1 Rh2+ 46. Ke3 Ra2 47. Nxc4 Bxc4 48. Rxc4 Rxa5 49. Ke4 Rb5 50. Ra4 Ke7 51. Ra2 Rb1 52. Rh2 Re1+ 53. Kd3 Kd7 54. Kd2 Rf1 55. Ke2 Rb1 56. Ke3 Kc6 57. Rh8 Kd5 58. Rd8+ Kc4 59. Rd6 a5 60. c6 Rb3+ 61. Ke4 bxc6 62. Rxc6+ Kb5 63. Rxe6 a4 64. Re8 Kb4 65. f4 Kc3 66. f5 Rb1 67. Ra8 Re1+ 68. Kd5 Kb3 69. f6 Rf1 70. Ke6 Re1+ 71. Kd6 Rf1 72. Ke7 Re1+ 73. Kf8 Rd1 74. Rd8 a3 75. f7 a2 76. Rb8+ Kc3 77. Ra8 Kb2 78. Kg7 Rg1+ 79. Kf6 Rf1+ 80. Ke7 Re1+ 81. Kd7 Rf1 82. Ke7 Re1+ 83. Kd7 1/2-1/2

[Event "GER-ch 92nd"]
[Site "Magdeburg"]
[Date "2021.07.27"]
[Round "4"]
[White "Laux, Dominik"]
[Black "Kolb, Tobias"]
[Result "1/2-1/2"]
[WhiteElo "2085"]
[BlackElo "2307"]
[EventDate "2021.07.25"]
[PlyCount "63"]

1. e4 c6 2. d4 d5 3. exd5 cxd5 4. Bd3 Nc6 5. c3 Nf6 6. Bf4 g6 7. Nf3 Bf5 8. Bxf5 gxf5 9. O-O e6 10. Nbd2 Bd6 11. Bg5 Be7 12. Bxf6 Bxf6 13. Re1 Qc7 14. Qe2 O-O 15. Nb3 Kh8 16. Nc5 Rae8 17. Nd3 Rg8 18. h3 Rg7 19. Kh1 Reg8 20. Rg1 Ne7 21. Nfe5 Bxe5 22. Qxe5 Qd8 23. Qf6 Nc8 24. Qxd8 Rxd8 25. a4 Nd6 26. a5 f6 27. Rge1 Re7 28. Nf4 Rde8 29. Nh5 Rf8 30. Nf4 Rfe8 31. Nh5 Rf8 32. Nf4 1/2-1/2

[Event "GER-ch 92nd"]
[Site "Magdeburg"]
[Date "2021.07.27"]
[Round "4"]
[White "Matthes, Aaron"]
[Black "Belezky, Alexander"]
[Result "1-0"]
[WhiteElo "2035"]
[BlackElo "2377"]
[EventDate "2021.07.25"]
[PlyCount "77"]

1. d4 Nf6 2. c4 e6 3. Nf3 Bb4+ 4. Bd2 Qe7 5. e3 Ne4 6. Bd3 Nxd2 7. Nbxd2 Bxd2+ 8. Qxd2 d6 9. e4 e5 10. O-O O-O 11. h3 a5 12. Qc3 Re8 13. dxe5 dxe5 14. c5 Qf6 15. Bc4 Nd7 16. Rad1 Nf8 17. Rfe1 Ng6 18. Bf1 Be6 19. b3 a4 20. bxa4 c6 21. a5 Bxa2 22. Rd6 Qe7 23. Red1 Be6 24. g3 Qc7 25. Ra1 f6 26. Nd2 Nf8 27. Nc4 Bxc4 28. Bxc4+ Kh8 29. Qb4 h6 30. Ra2 Nh7 31. h4 g5 32. Be6 gxh4 33. Rd7 Qb8 34. Bf5 Nf8 35. Qd2 Nxd7 36. Qxd7 Kg8 37. Qh7+ Kf8 38. Bg6 Re7 39. Qh8# 1-0

[Event "GER-ch 92nd"]
[Site "Magdeburg"]
[Date "2021.07.27"]
[Round "4"]
[White "Muckle, Julius"]
[Black "Neyman, Igor"]
[Result "1-0"]
[WhiteElo "2423"]
[BlackElo "2325"]
[EventDate "2021.07.25"]
[PlyCount "31"]

1. d4 Nf6 2. c4 e6 3. Nf3 d5 4. Nc3 a6 5. e3 dxc4 6. Bxc4 b5 7. Bb3 Bb7 8. O-O c5 9. Qe2 Nc6 10. Rd1 Qc7 11. d5 exd5 12. e4 dxe4 13. Nxe4 Nxe4 14. Qxe4+ Be7 15. Bf4 Nd4 16. Qxd4 1-0

[Event "GER-ch 92nd"]
[Site "Magdeburg"]
[Date "2021.07.27"]
[Round "4"]
[White "Nguyen, Alex Dac Vuong"]
[Black "Braun, Georg"]
[Result "1/2-1/2"]
[WhiteElo "2298"]
[BlackElo "2375"]
[EventDate "2021.07.25"]
[PlyCount "117"]

1. e4 e5 2. Nf3 Nc6 3. Bb5 f5 4. Nc3 fxe4 5. Nxe4 Nf6 6. Nxf6+ Qxf6 7. Qe2 Be7 8. Bxc6 bxc6 9. Qxe5 d6 10. Qxf6 Bxf6 11. d3 O-O 12. c3 Rb8 13. O-O Bg4 14. Re1 Bxf3 15. gxf3 c5 16. Kg2 Kf7 17. Re4 Rfe8 18. c4 Rec8 19. Rb1 Rb6 20. b3 a5 21. Bd2 a4 22. b4 cxb4 23. Rxb4 Rxb4 24. Bxb4 c5 25. Ba5 Ra8 26. Be1 Rb8 27. Re2 Rb1 28. f4 Rd1 29. Bd2 a3 30. Ba5 Bb2 31. f5 Rxd3 32. Bc7 Kf6 33. Re6+ Kxf5 34. Rxd6 Rxd6 35. Bxd6 Ke4 36. Bxc5 Kd3 37. Bf8 Kxc4 38. Kf3 Kd3 39. h3 g6 40. Be7 Bc1 41. Bf8 h5 42. Be7 g5 43. Bd6 h4 44. Kg4 Kc2 45. Bxa3 Bxa3 46. Kxg5 Kb2 47. Kxh4 Kxa2 48. f4 Kb3 49. f5 Kc4 50. Kg5 Kd5 51. Kf6 Bb2+ 52. Kg6 Kd6 53. f6 Ke6 54. f7 Ba3 55. Kg7 Kf5 56. h4 Kg4 57. h5 Kxh5 58. f8=Q Bxf8+ 59. Kxf8 1/2-1/2

[Event "GER-ch 92nd"]
[Site "Magdeburg"]
[Date "2021.07.27"]
[Round "4"]
[White "Paehtz, Thomas Sr"]
[Black "Hess, Max"]
[Result "1/2-1/2"]
[WhiteElo "2350"]
[BlackElo "2413"]
[EventDate "2021.07.25"]
[PlyCount "95"]

1. d4 d5 2. c4 e6 3. Nc3 Nf6 4. cxd5 exd5 5. Bg5 Be7 6. e3 h6 7. Bh4 O-O 8. Bd3 Re8 9. Nge2 c6 10. Qc2 Nbd7 11. h3 b5 12. Bg3 Bb7 13. O-O a5 14. a4 b4 15. Nb1 c5 16. dxc5 Bxc5 17. Nd2 Rc8 18. Qd1 Qb6 19. Nb3 Ba6 20. Ned4 Bc4 21. Rc1 Ne4 22. Bf4 g5 23. Bxc4 dxc4 24. Rxc4 gxf4 25. Qg4+ Qg6 26. Qxd7 Rcd8 27. Qf5 Qxf5 28. Nxf5 Bf8 29. Rd4 fxe3 30. fxe3 Rc8 31. Rf4 Ng5 32. Rc4 Ne6 33. Rg4+ Kh7 34. Kf2 Ng7 35. Rxc8 Rxc8 36. Nfd4 Ne6 37. Ke2 f5 38. Nxf5 Rc2+ 39. Kd3 Rxb2 40. Nxa5 Nc5+ 41. Kc4 b3 42. Nxb3 Rxb3 43. a5 Rb2 44. Rd4 Rxg2 45. Rd8 Ne6 46. Rd7+ Kg8 47. a6 Nc5 48. Nxh6+ 1/2-1/2

[Event "GER-ch 92nd"]
[Site "Magdeburg"]
[Date "2021.07.27"]
[Round "4"]
[White "Pajeken, Jakob Leon"]
[Black "Enders, Peter"]
[Result "1/2-1/2"]
[WhiteElo "2328"]
[BlackElo "2447"]
[EventDate "2021.07.25"]
[PlyCount "86"]

1. d4 Nf6 2. Nf3 g6 3. g3 b6 4. Bg2 Bb7 5. O-O Bg7 6. c4 O-O 7. d5 d6 8. Nd4 Qc8 9. Nc3 c5 10. Nc2 Na6 11. e4 Nc7 12. Qe2 e6 13. Bf4 exd5 14. exd5 Qd7 15. Rfe1 Rfe8 16. Qd2 Rxe1+ 17. Rxe1 Re8 18. Rxe8+ Nfxe8 19. b4 Ba6 20. b5 Bc8 21. h4 Nf6 22. Bf3 Nce8 23. Ne3 Qe7 24. Kg2 h6 25. Ned1 Kh7 26. Qc2 Bf5 27. Qc1 Ng4 28. Ne3 Nxe3+ 29. Bxe3 Qe5 30. Nd1 Bd3 31. Bd2 Qa1 32. Qa3 Bxc4 33. Qxa7 Bxb5 34. Qxf7 Qf6 35. Qb7 Bd3 36. Bc3 Bf1+ 37. Kxf1 Qxf3 38. Ne3 Qh1+ 39. Ke2 Qb1 40. Bxg7 Nxg7 41. a4 Qa2+ 42. Kf3 Qxa4 43. Qxb6 Qd7 1/2-1/2

[Event "GER-ch 92nd"]
[Site "Magdeburg"]
[Date "2021.07.27"]
[Round "4"]
[White "Roseneck, Jonas"]
[Black "Koelle, Tobias"]
[Result "0-1"]
[WhiteElo "2401"]
[BlackElo "2312"]
[EventDate "2021.07.25"]
[PlyCount "38"]

1. e4 c5 2. Nf3 d6 3. d4 cxd4 4. Nxd4 Nf6 5. Nc3 a6 6. Be3 e5 7. Nf3 Be7 8. h3 b5 9. a4 b4 10. Nd5 Nbd7 11. c3 bxc3 12. Nxc3 Rb8 13. Qd2 Bb7 14. Bd3 d5 15. exd5 Nxd5 16. Be2 Nxe3 17. Qxe3 Bc5 18. Qd3 Qe7 19. Nd5 e4 0-1

[Event "GER-ch 92nd"]
[Site "Magdeburg"]
[Date "2021.07.27"]
[Round "4"]
[White "Stern, Rene"]
[Black "Schulz, Karsten"]
[Result "1-0"]
[WhiteElo "2517"]
[BlackElo "2302"]
[EventDate "2021.07.25"]
[PlyCount "117"]

1. Nf3 d6 2. d4 g6 3. e4 Bg7 4. c3 Nf6 5. Bd3 O-O 6. O-O Nc6 7. d5 Nb8 8. h3 c6 9. c4 cxd5 10. exd5 Na6 11. Nc3 Nc5 12. Bc2 e6 13. Be3 exd5 14. cxd5 Re8 15. Bd4 Bd7 16. Nd2 b5 17. b4 Na4 18. Nxa4 bxa4 19. Bxa4 Bxa4 20. Qxa4 Nxd5 21. Bxg7 Kxg7 22. Rfe1 Nf6 23. Nf3 Qb6 24. a3 d5 25. Qc2 a5 26. Rxe8 Rxe8 27. Qc3 axb4 28. axb4 Kg8 29. Qc5 Rb8 30. Ra8 Qxc5 31. Rxb8+ Qf8 32. Rxf8+ Kxf8 33. Nd4 Ke7 34. Kf1 Kd6 35. Ke2 Nd7 36. Ke3 f6 37. f4 Nb6 38. Nb5+ Kc6 39. Nd4+ Kd6 40. Nb5+ Kc6 41. Nc3 g5 42. f5 h5 43. g3 Kd6 44. Kd4 Kc6 45. h4 gxh4 46. gxh4 Kd6 47. b5 Nd7 48. Nxd5 Ne5 49. Ke4 Ng4 50. Nf4 Kc5 51. Nxh5 Kxb5 52. Nxf6 Nxf6+ 53. Ke5 Nh7 54. f6 Kc6 55. Ke6 Nf8+ 56. Kf7 Nd7 57. Ke7 Ne5 58. h5 Kd5 59. f7 1-0

[Event "GER-ch 92nd"]
[Site "Magdeburg"]
[Date "2021.07.27"]
[Round "4"]
[White "Stork, Oliver"]
[Black "Kuhn, Patrick"]
[Result "1-0"]
[WhiteElo "2394"]
[BlackElo "2073"]
[EventDate "2021.07.25"]
[PlyCount "55"]

1. e4 c5 2. Nf3 d6 3. d4 cxd4 4. Nxd4 Nf6 5. Nc3 g6 6. Be3 Bg7 7. f3 Nc6 8. Qd2 O-O 9. O-O-O d5 10. Kb1 Nxd4 11. e5 Nf5 12. exf6 exf6 13. Bc5 Re8 14. Nxd5 Kh8 15. g4 b6 16. Bb5 bxc5 17. Bxe8 Nd4 18. Bxf7 Qd7 19. Rhe1 Qxf7 20. Re7 Qg8 21. Nc7 Bf8 22. Re8 Rb8 23. c3 Nxf3 24. Qf4 Qf7 25. Rdd8 Bf5+ 26. gxf5 Rxd8 27. Rxd8 Qe7 28. Ne6 1-0

[Event "GER-ch 92nd"]
[Site "Magdeburg"]
[Date "2021.07.27"]
[Round "4"]
[White "Svane, Frederik"]
[Black "Schulte, Felix"]
[Result "1-0"]
[WhiteElo "2438"]
[BlackElo "2162"]
[EventDate "2021.07.25"]
[PlyCount "59"]

1. e4 c5 2. Nc3 e6 3. Nf3 a6 4. d4 cxd4 5. Nxd4 Qc7 6. Bd3 Nf6 7. Qe2 d6 8. f4 Nbd7 9. g4 Nc5 10. g5 Nfd7 11. h4 b5 12. a3 Bb7 13. h5 O-O-O 14. Be3 Nb6 15. Rh3 d5 16. e5 Kb8 17. Bf2 Be7 18. h6 g6 19. Kf1 Nc4 20. b4 Nd7 21. Bxc4 Qxc4 22. Rd3 Rc8 23. Qe3 Rc7 24. Nce2 Rhc8 25. Be1 Nb6 26. Rc3 Na4 27. Rxc4 Rxc4 28. c3 Bd8 29. Qh3 Bb6 30. Rd1 1-0

[Event "GER-ch 92nd"]
[Site "Magdeburg"]
[Date "2021.07.27"]
[Round "4"]
[White "Voege, Tobias"]
[Black "Geue, Niklas"]
[Result "1/2-1/2"]
[WhiteElo "2324"]
[BlackElo "2121"]
[EventDate "2021.07.25"]
[PlyCount "76"]

1. d4 Nf6 2. c4 e6 3. Nc3 Bb4 4. Nf3 O-O 5. Bg5 c5 6. e3 cxd4 7. exd4 d5 8. Rc1 h6 9. Bh4 Nc6 10. cxd5 exd5 11. Be2 g5 12. Bg3 Ne4 13. O-O Bf5 14. Na4 Rc8 15. a3 Be7 16. Ne5 Bf6 17. Nc5 Qe7 18. Nxe4 Bxe5 19. dxe5 dxe4 20. f4 Rfd8 21. Qe1 Nd4 22. Rxc8 Rxc8 23. Bh5 g4 24. Bf2 Nc2 25. Qe2 e3 26. Bxe3 Qh4 27. Bxf7+ Kxf7 28. Bxa7 Qe7 29. Rd1 Rc6 30. Bf2 Rc7 31. Qb5 Rd7 32. Rd6 Rxd6 33. exd6 Qd7 34. Qd5+ Be6 35. Qe4 Bf5 36. Qd5+ Be6 37. Qe4 Bf5 38. Qd5+ Be6 1/2-1/2